Countries in Which The Beatles Performed - Statistics

General Stats
  • This quiz has been taken 338 times
  • The average score is 13 of 16
Answer Stats
Number of Performances Country % Correct
65 United States
99%
280 Germany
98%
990 United Kingdom
98%
42 France
93%
5 Japan
90%
9 Canada
89%
8 Italy
88%
2 Spain
85%
20 Australia
83%
2 China (Hong Kong)
79%
10 Sweden
76%
1 Ireland
72%
3 Netherlands
71%
2 Denmark
67%
10 New Zealand
67%
2 Philippines
46%
No matching quizzes found
Score Distribution
Percent of People with Each Score
Percentile by Number Answered
Your Score History
You have not taken this quiz